OP - Zdravotníctvo - čerpanie nenávratných finančných prostriedkov

Žiadosť o platbu. Systémy financovania v závislosti od typu prijímateľa. Zmeny v Zmluve o poskytnutí NFP (Nenávratný finančný príspevok). Odstúpenie od zmluvy o poskytnutí NFP. Monitorovanie projektu. Monitorovacie správy. Ukončenie projektu. Publicita projektu. Uchovávanie dokumentácie po ukončení...

Description complète

Enregistré dans:
Détails bibliographiques
Auteur principal: Hrašková, Dagmar
Format: Chapitre de livre
Langue:slovaque
Sujets:
Tags: Ajouter un tag
Pas de tags, Soyez le premier à ajouter un tag!

MARC

LEADER 00000naa$a2200000$$$4500
001 0098301
005 20231120114100.8
041 0 |a slo 
044 |a SK 
245 1 0 |a OP - Zdravotníctvo - čerpanie nenávratných finančných prostriedkov  |c Dagmar Hrašková 
520 |a Žiadosť o platbu. Systémy financovania v závislosti od typu prijímateľa. Zmeny v Zmluve o poskytnutí NFP (Nenávratný finančný príspevok). Odstúpenie od zmluvy o poskytnutí NFP. Monitorovanie projektu. Monitorovacie správy. Ukončenie projektu. Publicita projektu. Uchovávanie dokumentácie po ukončení realizácie projektu. 
610 2 0 |a zdravotníctvo 
610 2 0 |a programy 
610 2 0 |a financie 
610 2 0 |a pomoc finančná 
610 2 0 |a zmluvy 
610 2 0 |a projekty 
100 1 |a Hrašková, Dagmar